[Event "Open A"]
[Site "Panevezys"]
[Date "2008.08.18"]
[Round "9.20"]
[White "Barsciauskas, Gintautas"]
[Black "Rudys, Arunas"]
[Result "0-1"]
[WhiteElo "1920"]
[BlackElo "2065"]
[PlyCount "110"]
[EventDate "2008.08.12"]

1. d3 e5 2. e4 Nf6 3. Be2 d5 4. Nd2 Bc5 5. c3 O-O 6. Ngf3 Re8 7. O-O a5 8. a4
Bf8 9. Qc2 h6 10. Re1 c6 11. Nf1 g6 12. Ng3 Bg7 13. h3 c5 14. Bf1 Nc6 15. Bd2
Kh7 16. Reb1 Qe7 17. Re1 Be6 18. Kh2 Nd7 19. Be2 Nb6 20. c4 dxc4 21. dxc4 Nd4
22. Nxd4 cxd4 23. c5 Rec8 24. b4 axb4 25. Bxb4 Nd7 26. Rec1 b6 27. Bb5 Nxc5 28.
a5 Qb7 29. Qb1 Nb3 30. Rxc8 Qxc8 31. Ra3 Nxa5 32. Qe1 Bf8 33. Ra1 Bxb4 34. Qxb4
Qc3 35. Qb1 Rc8 36. Qf1 Bc4 37. Bxc4 Rxc4 38. Rb1 Rc6 39. f4 Qc4 40. Qf3 Qc3
41. Qg4 Qd2 42. fxe5 Rc2 43. Rg1 Nc6 44. Qd1 Qxd1 45. Rxd1 Nxe5 46. Kg1 d3 47.
Nf1 b5 48. Nd2 Nc4 49. Nf3 Rxg2+ 50. Kh1 Re2 51. Rxd3 Rxe4 52. Rd5 Rf4 53. Rd3
b4 54. Kg2 Na5 55. Nd2 Rf5 0-1

[Event "Open A"]
[Site "Panevezys"]
[Date "2008.08.18"]
[Round "9.21"]
[White "Apanaviciute, Kristina"]
[Black "Kviliunas, Vladislovas"]
[Result "1-0"]
[WhiteElo "1964"]
[BlackElo "1877"]
[PlyCount "105"]
[EventDate "2008.08.12"]

1. e4 c6 2. d4 d5 3. e5 Bf5 4. Nf3 e6 5. Be2 Qb6 6. c3 c5 7. O-O Ne7 8. Na3
Nec6 9. Qb3 Qxb3 10. axb3 a6 11. dxc5 Bxc5 12. b4 Bb6 13. Nb5 O-O 14. Nd6 Ra7
15. b5 Ne7 16. Nd4 Bg6 17. Kh1 Nc8 18. Nxc8 Rxc8 19. Be3 axb5 20. Rxa7 Bxa7 21.
Bxb5 h6 22. Ra1 Bxd4 23. Bxd4 Nc6 24. Bxc6 bxc6 25. b4 Bd3 26. Kg1 g5 27. Be3
Kg7 28. Ra7 Kg6 29. g4 Be2 30. h3 Rh8 31. Kg2 Re8 32. Bd4 Rc8 33. Kg3 Bd3 34.
f4 Kg7 35. f5 Re8 36. h4 gxh4+ 37. Kxh4 Kg8 38. f6 Rc8 39. Kh5 Be2 40. Be3 Bd3
41. Kxh6 Kf8 42. Bc5+ Kg8 43. g5 Bg6 44. Re7 Bf5 45. g6 Bxg6 46. Rxe6 Bf5 47.
Re7 Ra8 48. Kg5 Bg6 49. e6 Ra2 50. Re8+ Kh7 51. e7 Rg2+ 52. Kf4 Re2 53. Be3 1-0

[Event "Open A"]
[Site "Panevezys"]
[Date "2008.08.18"]
[Round "9.23"]
[White "Novikovas, Anatolijus"]
[Black "Jankunas, Valentinas"]
[Result "1/2-1/2"]
[WhiteElo "1900"]
[BlackElo "1843"]
[PlyCount "66"]
[EventDate "2008.08.12"]

1. d4 Nf6 2. c4 g6 3. Nc3 Bg7 4. e4 d6 5. f3 O-O 6. Be3 e5 7. d5 Nbd7 8. Qd2
Nh5 9. O-O-O f5 10. Nge2 a6 11. g4 fxg4 12. fxg4 Nf4 13. h4 Nf6 14. Bxf4 exf4
15. g5 Nh5 16. Bh3 Bxh3 17. Rxh3 Qd7 18. Rh2 f3 19. Nd4 Bxd4 20. Qxd4 Qg4 21.
Kb1 Rae8 22. c5 Ng3 23. Re1 Qf4 24. Rf2 Qxh4 25. cxd6 cxd6 26. Qe3 Nxe4 27.
Nxe4 Rxe4 28. Qxe4 Qxf2 29. Qe6+ Kg7 30. Rc1 Rf7 31. Rh1 Qe2 32. Rxh7+ Kxh7 33.
Qxf7+ Kh8 1/2-1/2

[Event "Open A"]
[Site "Panevezys"]
[Date "2008.08.18"]
[Round "9.24"]
[White "Ralys, Vincas"]
[Black "Zemlickas, Arunas"]
[Result "1-0"]
[WhiteElo "1841"]
[BlackElo "2095"]
[PlyCount "61"]
[EventDate "2008.08.12"]

1. e4 c5 2. Nf3 Nc6 3. d4 cxd4 4. Nxd4 e5 5. Nb5 d6 6. N1c3 a6 7. Na3 b5 8. Nd5
Nf6 9. Bg5 Be7 10. Bxf6 gxf6 11. c3 f5 12. Bd3 f4 13. Nc2 h5 14. Qe2 Bg4 15. f3
Bh4+ 16. g3 fxg3 17. O-O-O Be6 18. hxg3 Bxg3 19. Qg2 Qg5+ 20. Kb1 O-O-O 21.
Ncb4 Nxb4 22. Nxb4 Kb7 23. Qe2 Bd7 24. a4 f5 25. axb5 fxe4 26. Qxe4+ Kb6 27.
bxa6 Rb8 28. a7 Rb7 29. Qc4 Kxa7 30. Qa6+ Kb8 31. Be4 1-0

[Event "Open A"]
[Site "Panevezys"]
[Date "2008.08.18"]
[Round "9.26"]
[White "Bazevicius, Albertas"]
[Black "Narva, Triin"]
[Result "1/2-1/2"]
[WhiteElo "1898"]
[BlackElo "1835"]
[PlyCount "134"]
[EventDate "2008.08.12"]

1. d4 Nf6 2. c4 g6 3. Nc3 Bg7 4. e4 d6 5. f3 O-O 6. Be3 Nbd7 7. Qd2 Rb8 8. Nge2
a6 9. Ng3 c5 10. d5 Ne5 11. Be2 Qa5 12. O-O b5 13. cxb5 axb5 14. b3 c4 15. bxc4
Nxc4 16. Bxc4 bxc4 17. Rab1 Ba6 18. Nge2 Nd7 19. Nd4 Rb7 20. Rxb7 Bxb7 21. Rb1
Ba6 22. Rc1 Ne5 23. h3 Ra8 24. f4 Nd3 25. Rb1 Nc5 26. Qc2 Bf6 27. e5 Bg7 28.
Nc6 Qc7 29. Nb5 Bxb5 30. Rxb5 Nb7 31. Bb6 Qd7 32. Qxc4 dxe5 33. fxe5 Kh8 34. a4
Rc8 35. Qe4 e6 36. Na7 Rc1+ 37. Kh2 h5 38. a5 Ra1 39. Nc6 exd5 40. Qxd5 Qf5 41.
Qf3 Qd7 42. Bf2 Kh7 43. Bg3 Nd8 44. Nxd8 Qxb5 45. Nxf7 Qf1 46. Qxf1 Rxf1 47. e6
Bf8 48. Bh4 Kg7 49. Nd8 Bd6+ 50. g3 Kf8 51. Nc6 Rc1 52. Nd4 Be7 53. Nf3 Rc5 54.
g4 hxg4 55. hxg4 Bxh4 56. Nxh4 g5 57. Nf5 Rxa5 58. Kg3 Ra3+ 59. Kf2 Ra6 60. e7+
Ke8 61. Ke3 Ra3+ 62. Kf2 Ra4 63. Kf3 Rf4+ 64. Kg3 Re4 65. Kf3 Rxe7 66. Nxe7
Kxe7 67. Ke4 Ke6 1/2-1/2

[Event "Open A"]
[Site "Panevezys"]
[Date "2008.08.18"]
[Round "9.27"]
[White "Klabis, Rokas"]
[Black "Januseviciute, Donata"]
[Result "1-0"]
[WhiteElo "1838"]
[BlackElo "1856"]
[PlyCount "145"]
[EventDate "2008.08.12"]

1. e4 e6 2. d4 d5 3. e5 c5 4. c3 Nc6 5. Nf3 Qb6 6. a3 c4 7. Be2 Nge7 8. Nbd2
Na5 9. O-O Ng6 10. Ne1 Be7 11. f4 Bd7 12. Kh1 Nh4 13. g3 Nf5 14. Ng2 O-O-O 15.
g4 Nh4 16. Nxh4 Bxh4 17. Rb1 Be7 18. Rg1 g6 19. Qf1 Rdf8 20. g5 Ba4 21. Bd1
Bxd1 22. Qxd1 Nb3 23. Nxb3 Qxb3 24. Qxb3 cxb3 25. Bd2 b5 26. Ra1 Kb7 27. a4 a6
28. axb5 axb5 29. Ra5 Kb6 30. Rga1 Rb8 31. Ra6+ Kc7 32. R1a5 Rb7 33. Kg2 Rhb8
34. Kf2 Rb6 35. Ra7+ R6b7 36. Rxb7+ Rxb7 37. Ke2 Rb8 38. h4 Kb6 39. Ra1 Kc6 40.
Ra7 Re8 41. Kf3 Kb6 42. Ra1 Kc6 43. Kg4 Rb8 44. h5 Kd7 45. Ra7+ Kd8 46. Be1 Ke8
47. f5 gxf5+ 48. Kf4 Bf8 49. Bh4 Bg7 50. g6 hxg6 51. hxg6 Bh6+ 52. Bg5 Bxg5+
53. Kxg5 fxg6 54. Kxg6 b4 55. cxb4 Rxb4 56. Kf6 f4 57. Kxe6 Rb6+ 58. Kxd5 f3
59. Ra1 Rg6 60. Rf1 Rg2 61. Rxf3 Rxb2 62. Kc4 Rc2+ 63. Kxb3 Rc1 64. Rc3 Rd1 65.
Kc4 Kd7 66. Kd5 Re1 67. Ra3 Rd1 68. Ra7+ Ke8 69. Ke6 Kf8 70. d5 Rh1 71. Rf7+
Kg8 72. Rf6 Rh7 73. d6 1-0